| 000 | 00508nam a2200181Ia 4500 | ||
|---|---|---|---|
| 001 | 5157 | ||
| 005 | 20260306145847.0 | ||
| 008 | 260306t2021||||xx |||||||||||||| ||spa|| | ||
| 041 | _aESP | ||
| 082 |
_a336.0985 _bM42 |
||
| 100 |
_aMendoza Bellido, Waldo _eAUT |
||
| 245 | 0 |
_aLa historia fiscal del Perú: _b1980-2020: colapso, estabilización, consolidación y el golpe de la COVID-19 |
|
| 260 | _c2021 | ||
| 300 |
_a189 páginas : _c21 cm. |
||
| 650 | _aGEN | ||
| 654 | _aCAN | ||
| 942 |
_cLIB _dJUS _fJUS _2ddc _n |
||
| 999 |
_c5157 _d5157 |
||